00771nam a22002417a 450000500170000001000110001702000100002803500110003803700160004904000120006508200130007710000220009024500510011226000420016327000120020530000250021750000340024265000260027665000300030294200220033299900190035495201560037320170124110004.0 a190603 c00.00 a190603 bCen Lib/Ret aDPLbEN a352bDEY aDey, S.K. 916454 aPanchayat-i-raj :cby S.K. Dey ba synthesis / aBombay bAsia Publishing House c1961 bBombay  axii, 139p.c19cm(Hb) aIncludes, glossary and index  aPanchayati raj915486 aSocialist pattern 916455 2ddccENh352mDEY c126059d126059 04104070aLbLd2015-06-24eCen Lib/Retg0.00l0o352 DEYp190603r2015-06-24 00:00:00t1v0.00w2015-06-24yENzW/d List No. 6892/2 ; dtd 26/09/2020